| 000 | 00837cam a22002535a 4500 | ||
|---|---|---|---|
| 001 | 007726409 | ||
| 005 | 20160309154534.0 | ||
| 008 | 020624s2002 enka frb 001 0 eng d | ||
| 020 | _a9781853175923 | ||
| 040 |
_aStDuBDS _dUk _dEG-ScBUE _beng |
||
| 082 | 0 | 4 |
_a617.645 _222 _bRES |
| 245 | 0 | 0 |
_aRestorative techniques in paediatric dentistry : _ban illustrated guide to the restoration of carious primary teeth / _cM. S. Duggal ... [et al.] |
| 250 | _a2nd ed. | ||
| 260 |
_aLondon : _bInforma Healthcare, _c2002. |
||
| 300 |
_ax, 141 p. : _bill. (some col.) ; _c26 cm. |
||
| 500 | _aPrevious ed. : 1995. | ||
| 500 | _aIndex : p. [137]-141. | ||
| 504 | _aIncludes bibliographical references. | ||
| 650 | 7 |
_aPedodontics. _2BUEsh _939506 |
|
| 651 | _2BUEsh | ||
| 653 |
_bDDent _cMarch2016 |
||
| 700 | 1 | _aDuggal, Monty S. | |
| 942 | _2ddc | ||
| 999 |
_c21360 _d21332 |
||